[Event "Hamburger Einzelturniere 2005"]
[Site "Hamburg"]
[Date "2005.08.20"]
[Round "2.10"]
[White "Mueller, Joerg"]
[Black "Pfeiffer, Daniel"]
[Result "0-1"]
[WhiteElo "2056"]
[BlackElo "1449"]
[PlyCount "48"]
[EventDate "2005.??.??"]

1. e4 c5 2. Nf3 d6 3. d4 cxd4 4. Nxd4 Nf6 5. Nc3 a6 6. f3 e5 7. Nb3 Be7 8. Be3
Nbd7 9. Qd2 Qc7 10. g4 Nb6 11. O-O-O Be6 12. g5 Nfd7 13. Kb1 Nc4 14. Bxc4 Bxc4
15. h4 Be6 16. Qf2 O-O-O 17. Nd5 Bxd5 18. Rxd5 f6 19. Rhd1 Rhf8 20. R1d3 fxg5
21. Rc3 Nc5 22. Nxc5 dxc5 23. Rdxc5 Bxc5 24. Rxc5 Qxc5 0-1

[Event "Hamburger Einzelturniere 2005"]
[Site "Hamburg"]
[Date "2005.08.20"]
[Round "2.12"]
[White "Weiss, Siegfried"]
[Black "Klewin, Oliver"]
[Result "1-0"]
[WhiteElo "2118"]
[BlackElo "1768"]
[PlyCount "97"]
[EventDate "2005.??.??"]

1. b3 d5 2. Bb2 Nf6 3. e3 g6 4. Bxf6 exf6 5. d4 Bg7 6. Ne2 Bg4 7. h3 Bxe2 8.
Bxe2 O-O 9. Nd2 f5 10. g3 c6 11. c3 Re8 12. Rc1 Nd7 13. Kf1 Qc7 14. c4 Nf6 15.
Bf3 Qd6 16. c5 Qc7 17. Kg2 Re7 18. Re1 Rae8 19. b4 g5 20. Nf1 f4 21. a4 Nd7 22.
Qd3 Nf6 23. Qf5 h6 24. Red1 fxe3 25. fxe3 Ne4 26. Rc2 Re5 27. dxe5 Rxe5 28.
Bxe4 Rxf5 29. Bxf5 Qe5 30. g4 h5 31. Rf2 h4 32. b5 Qc3 33. bxc6 bxc6 34. Rc2
Qb3 35. a5 Kf8 36. Rdd2 Bc3 37. Rf2 Ke7 38. a6 Be5 39. Rc1 Qb5 40. Ra2 f6 41.
Rb1 Qxc5 42. Rb7+ Kd8 43. Rc2 Bc3 44. Rxc3 Qxc3 45. Rxa7 Qb2+ 46. Kg1 Qb6 47.
Rd7+ Ke8 48. a7 Qa5 49. Rh7 1-0

[Event "Hamburger Einzelturniere 2005"]
[Site "Hamburg"]
[Date "2005.08.20"]
[Round "2.13"]
[White "Schulz, Hans-Juergen"]
[Black "Diehl, Walter"]
[Result "1-0"]
[WhiteElo "2034"]
[BlackElo "1752"]
[PlyCount "63"]
[EventDate "2005.??.??"]

1. e4 c5 2. b4 b6 3. b5 d6 4. Bc4 Bb7 5. Nc3 Nf6 6. Qe2 Nbd7 7. f4 Qc7 8. Nf3
g6 9. Bxf7+ Kxf7 10. Ng5+ Ke8 11. Qc4 d5 12. exd5 Qd6 13. Bb2 Nxd5 14. Nce4
Qxf4 15. Bxh8 Ne5 16. Bxe5 Qxe5 17. O-O h6 18. Nf3 Qf4 19. Rae1 Bg7 20. g3 Qc7
21. c3 g5 22. Qe2 Qd7 23. d4 Nxc3 24. Nxc3 g4 25. Ne5 Qxd4+ 26. Rf2 Qxc3 27.
Nxg4 Qxe1+ 28. Qxe1 h5 29. Ne5 Rd8 30. Qe2 Rd5 31. Qxh5+ Kd8 32. Rf5 1-0

[Event "Hamburger Einzelturniere 2005"]
[Site "Hamburg"]
[Date "2005.08.20"]
[Round "2.14"]
[White "Biermann, Helge"]
[Black "Schütt, Wilhelm"]
[Result "1/2-1/2"]
[WhiteElo "1762"]
[BlackElo "2102"]
[PlyCount "42"]
[EventDate "2005.??.??"]

1. c4 g6 2. Nc3 Bg7 3. g3 c5 4. Bg2 Nc6 5. e3 d6 6. Nge2 h5 7. d4 Bd7 8. a3 Qc8
9. Nd5 e6 10. Ndf4 Na5 11. b3 Rb8 12. Rb1 b5 13. dxc5 dxc5 14. Bd2 Nb7 15. cxb5
Bxb5 16. Nc3 Ba6 17. Ne4 Ne7 18. Qc2 O-O 19. Bc3 e5 20. Ne2 Rd8 21. Rd1 h4
1/2-1/2

[Event "Hamburger Einzelturniere 2005"]
[Site "Hamburg"]
[Date "2005.08.20"]
[Round "2.15"]
[White "Winnicki, Alice"]
[Black "Diz Suarez, Carlos"]
[Result "1-0"]
[WhiteElo "2092"]
[BlackElo "1659"]
[PlyCount "70"]
[EventDate "2005.??.??"]

1. e4 c5 2. Nf3 e6 3. c3 d5 4. exd5 exd5 5. d4 Nf6 6. Bd3 Nc6 7. O-O Be7 8.
dxc5 Bxc5 9. Re1+ Be7 10. Nbd2 O-O 11. Nf1 Bc5 12. Bg5 h6 13. Bh4 d4 14. b4 Be7
15. b5 Nb8 16. Nxd4 Bg4 17. Qb3 Nbd7 18. Bf5 Re8 19. Ne3 Bxf5 20. Ndxf5 Bf8 21.
Rad1 Qc7 22. Bg3 Ne5 23. Bh4 Ned7 24. c4 Rac8 25. Qb2 Qc5 26. Nxh6+ gxh6 27.
Bxf6 Nxf6 28. Qxf6 Bg7 29. Qf3 Re6 30. Rd7 Rf6 31. Qe4 Qb4 32. Red1 Qb2 33. Ng4
Re6 34. Qxb7 Rce8 35. Ne3 Rf6 1-0

[Event "Hamburger Einzelturniere 2005"]
[Site "Hamburg"]
[Date "2005.08.20"]
[Round "2.17"]
[White "Ristic, Sreten"]
[Black "Hauser, Christow"]
[Result "0-1"]
[WhiteElo "1942"]
[BlackElo "1592"]
[PlyCount "133"]
[EventDate "2005.??.??"]

1. d4 Nf6 2. Bg5 e6 3. a3 h6 4. Bxf6 Qxf6 5. e4 b6 6. Nf3 Bb7 7. Bd3 c5 8. c3
a6 9. Nbd2 b5 10. Qe2 c4 11. Bc2 g5 12. e5 Qg7 13. Be4 Bc6 14. Bxc6 Nxc6 15. g4
Ne7 16. Ne4 Nd5 17. Nfd2 Be7 18. Qf3 Qg6 19. a4 O-O 20. O-O f5 21. exf6 Bxf6
22. Nxf6+ Qxf6 23. Qe4 Kg7 24. f3 Qf4 25. Rf2 Qxe4 26. Nxe4 Nf4 27. Rd2 Rab8
28. Nc5 Rfd8 29. Nxa6 Rb6 30. axb5 Ra8 31. Ra3 Rxb5 32. Nc5 Rxb2 33. Rxa8 Rxd2
34. Ra7 Rd1+ 35. Kf2 Nd3+ 36. Nxd3 Rxd3 37. Rxd7+ Kf6 38. Rd6 Rxc3 39. d5 Ke5
40. Rxe6+ Kxd5 41. Rxh6 Rc2+ 42. Kg3 Rb2 43. Rg6 c3 44. Rxg5+ Kd4 45. Rg8 Rb5
46. Ra8 c2 47. Ra1 Rb1 48. Ra4+ Kc5 49. Ra8 Kb6 50. Rc8 c1=Q 51. Rxc1 Rxc1 52.
h4 Kc7 53. Kf4 Kd6 54. Kg5 Rc5+ 55. Kg6 Ke7 56. f4 Rc4 57. Kg5 Kf7 58. h5 Kg7
59. h6+ Kh7 60. Kh5 Rc5+ 61. f5 Rb5 62. Kg5 Rb1 63. Kh5 Rh1+ 64. Kg5 Rxh6 65.
f6 Rh1 66. Kf5 Rf1+ 67. Ke6 0-1

[Event "Hamburger Einzelturniere 2005"]
[Site "Hamburg"]
[Date "2005.08.20"]
[Round "2.18"]
[White "Graffenberger, Wilhelm"]
[Black "Kock, Rudolph"]
[Result "1-0"]
[WhiteElo "1754"]
[BlackElo "1545"]
[PlyCount "87"]
[EventDate "2005.??.??"]

1. e4 c5 2. Nf3 d6 3. d4 cxd4 4. Nxd4 a6 5. Nc3 g6 6. Be2 Bg7 7. Be3 Qc7 8. O-O
Nc6 9. a3 Nxd4 10. Bxd4 Bxd4 11. Qxd4 e5 12. Qd2 Ne7 13. Rad1 O-O 14. Qxd6 Qxd6
15. Rxd6 Be6 16. Rfd1 Nc6 17. Nd5 Nd4 18. Bd3 Rad8 19. Rxd8 Rxd8 20. f4 Bxd5
21. exd5 exf4 22. c4 b5 23. Bf1 Nc2 24. cxb5 Ne3 25. Rd4 axb5 26. Bxb5 Rxd5 27.
Rxd5 Nxd5 28. Bc6 Nb6 29. a4 Kf8 30. a5 Nc4 31. b4 Ke7 32. a6 Nb6 33. a7 Kd6
34. a8=Q Nxa8 35. Bxa8 h5 36. Kf2 f5 37. Kf3 g5 38. h3 h4 39. b5 Ke5 40. Bc6
Kd6 41. Be8 Ke7 42. Bg6 g4+ 43. hxg4 fxg4+ 44. Kxg4 1-0

[Event "Hamburger Einzelturniere 2005"]
[Site "Hamburg"]
[Date "2005.08.20"]
[Round "2.20"]
[White "Becker-Bertau, Friedrich"]
[Black "Opasiak, Dustin Tennessee"]
[Result "1-0"]
[WhiteElo "1859"]
[BlackElo "1541"]
[PlyCount "41"]
[EventDate "2005.??.??"]

1. e4 e6 2. d4 d5 3. c4 dxe4 4. Nc3 Bb4 5. a3 Bxc3+ 6. bxc3 Nf6 7. f3 exf3 8.
Nxf3 O-O 9. Bd3 h6 10. O-O b6 11. Ne5 Bb7 12. Qe2 Qe7 13. Bd2 Nc6 14. Rxf6 Qxf6
15. Rf1 Qe7 16. Bxh6 Nxe5 17. Bxg7 Kxg7 18. Qxe5+ f6 19. Qg3+ Kh8 20. Qh4+ Kg8
21. Rf4 1-0

[Event "Hamburger Einzelturniere 2005"]
[Site "Hamburg"]
[Date "2005.08.20"]
[Round "2.21"]
[White "Müller, Hartmut Dieter"]
[Black "Kuhle, Sebastian"]
[Result "0-1"]
[WhiteElo "1481"]
[BlackElo "1813"]
[PlyCount "82"]
[EventDate "2005.??.??"]

1. d4 Nf6 2. Nf3 g6 3. c4 Bg7 4. Nc3 O-O 5. e4 d6 6. h3 e5 7. d5 Nbd7 8. Be3 b6
9. Qd2 Nc5 10. Bd3 a5 11. Bc2 Nfd7 12. Bh6 Ba6 13. Bxg7 Kxg7 14. b3 Qe7 15. h4
Nf6 16. Qg5 h6 17. Qg3 Nh5 18. Qg4 Bc8 19. Qxh5 gxh5 20. O-O-O f5 21. Nd2 fxe4
22. Ndxe4 Bf5 23. f3 Bxe4 24. Nxe4 Rf4 25. Ng3 Qf7 26. Ne2 Rf6 27. Rhg1 Kf8 28.
Ng3 Ke7 29. Rde1 Rg8 30. Ne2 Kd7 31. a3 Qg7 32. b4 axb4 33. axb4 Na6 34. Ba4+
Kd8 35. b5 Nc5 36. Bc2 Kd7 37. g4 Rxf3 38. gxh5 Qf7 39. Kd2 Rf2 40. Kd1 Rxg1
41. Nxg1 Rf4 0-1

[Event "Hamburger Einzelturniere 2005"]
[Site "Hamburg"]
[Date "2005.08.20"]
[Round "2.22"]
[White "Kolster, Jascha"]
[Black "Cassens, Erhard Otto"]
[Result "0-1"]
[WhiteElo "1146"]
[BlackElo "1777"]
[PlyCount "76"]
[EventDate "2005.??.??"]

1. e4 g6 2. f4 Bg7 3. Nf3 d6 4. d4 Bg4 5. Bb5+ c6 6. Ba4 Qa5+ 7. Nc3 Nf6 8. Qd3
d5 9. e5 Ne4 10. Bb3 Bf5 11. Qe3 Nd7 12. Bd2 Nxd2 13. Qxd2 h5 14. O-O-O h4 15.
h3 e6 16. Qf2 Qd8 17. Rdg1 Bf8 18. a3 c5 19. Ba4 cxd4 20. Nxd4 Bc5 21. Nce2 Rc8
22. Rd1 a6 23. b4 Ba7 24. Qf1 b5 25. Bxb5 axb5 26. g4 Be4 27. c3 Bxh1 28. Nxb5
Be3+ 29. Kb2 Be4 30. Nd6+ Ke7 31. Rd4 Bxd4 32. Nxd4 Nb6 33. f5 Nc4+ 34. Ka2
Nxd6 35. exd6+ Qxd6 36. fxe6 fxe6 37. Qb5 Rhf8 38. Qb7+ Rc7 0-1

[Event "Hamburger Einzelturniere 2005"]
[Site "Hamburg"]
[Date "2005.08.20"]
[Round "2.23"]
[White "Lochmann, Viktor"]
[Black "Stepien, Tomasz"]
[Result "1-0"]
[WhiteElo "1773"]
[BlackElo "1145"]
[PlyCount "69"]
[EventDate "2005.??.??"]

1. e4 c5 2. Nc3 a6 3. a4 e6 4. Bc4 Nc6 5. f4 d6 6. Nf3 Be7 7. O-O b6 8. d4 cxd4
9. Nxd4 Nxd4 10. Qxd4 Bf6 11. e5 Be7 12. exd6 Bxd6 13. Qxg7 Bc5+ 14. Kh1 Bd4
15. Qg3 Nh6 16. Ne4 Rg8 17. Qh3 Rg6 18. c3 Bg7 19. Be3 Kf8 20. Rad1 Qc7 21. Bd3
Bb7 22. Ng5 f5 23. Be2 Ng8 24. Nxh7+ Ke7 25. Ng5 Nf6 26. Bd4 Rh8 27. Qe3 Rgh6
28. Qxe6+ Kf8 29. h3 Bxg2+ 30. Kxg2 Rxh3 31. Nxh3 Qb7+ 32. Bf3 Ne4 33. Bxg7+
Qxg7+ 34. Ng5 Nxg5 35. Rd8# 1-0

[Event "Hamburger Einzelturniere 2005"]
[Site "Hamburg"]
[Date "2005.08.21"]
[Round "3.1"]
[White "Reddmann, Hauke"]
[Black "Kyeck, Christopher"]
[Result "1-0"]
[WhiteElo "2336"]
[BlackElo "2017"]
[PlyCount "65"]
[EventDate "2005.??.??"]

1. d4 e6 2. Nc3 d5 3. Bf4 Nf6 4. e3 Bb4 5. Bd3 a6 6. a3 Bd6 7. Nf3 b6 8. Ne5
Bb7 9. Qf3 Nc6 10. O-O Qe7 11. b4 Nd7 12. Qg3 Bxe5 13. Bxe5 Ncxe5 14. dxe5 g6
15. Ne2 c5 16. c3 Bc6 17. Rfb1 O-O 18. a4 Rfb8 19. h4 Kg7 20. Kh2 a5 21. b5 Bb7
22. Ng1 Rh8 23. Nf3 Rag8 24. Rh1 Kf8 25. Rae1 c4 26. Bc2 h6 27. e4 Qa3 28. Nd4
dxe4 29. Bxe4 Bxe4 30. Rxe4 Nc5 31. Rf4 Ke8 32. Qf3 Nd3 33. Qa8+ 1-0

[Event "Hamburger Einzelturniere 2005"]
[Site "Hamburg"]
[Date "2005.08.21"]
[Round "3.2"]
[White "Sellack, Helmut"]
[Black "Meier, David-Geffrey"]
[Result "1/2-1/2"]
[WhiteElo "1970"]
[BlackElo "2202"]
[PlyCount "93"]
[EventDate "2005.??.??"]

1. e4 e6 2. d4 d5 3. Nc3 Bb4 4. e5 Ne7 5. a3 Bxc3+ 6. bxc3 c5 7. Qd2 O-O 8. Nf3
Nbc6 9. Bd3 f6 10. exf6 Rxf6 11. O-O c4 12. Be2 Ng6 13. Rd1 Bd7 14. Qe1 Qc7 15.
Bg5 Rf5 16. g4 Rf7 17. Be3 Raf8 18. Ng5 Rf6 19. Qd2 Nf4 20. Bxf4 Rxf4 21. Nh3
R4f6 22. f4 Ne7 23. g5 R6f7 24. Bh5 g6 25. Bg4 e5 26. Qg2 e4 27. Rf1 Bxg4 28.
Qxg4 Nf5 29. Qe2 Ng7 30. Nf2 Qxf4 31. Qg4 Qe3 32. Rae1 Qxc3 33. Qd1 Nh5 34. Ng4
Rxf1+ 35. Rxf1 Rf3 36. Rxf3 exf3 37. Kf2 Kg7 38. Ne3 Nf4 39. Qb1 Nh3+ 40. Kg3
Nxg5 41. Qxb7+ Nf7 42. Kxf3 Qxd4 43. Qxd5 Qh4 44. Kg2 Ng5 45. Qd7+ Kh6 46. Ng4+
Kh5 47. Nf6+ 1/2-1/2

[Event "Hamburger Einzelturniere 2005"]
[Site "Hamburg"]
[Date "2005.08.21"]
[Round "3.3"]
[White "Homm, Marc-Michael"]
[Black "Szudra, Heinz-Werner"]
[Result "1/2-1/2"]
[WhiteElo "2055"]
[BlackElo "2016"]
[PlyCount "35"]
[EventDate "2005.??.??"]

1. d4 Nf6 2. Bg5 e6 3. e4 h6 4. Bxf6 Qxf6 5. Nc3 d5 6. exd5 c6 7. dxc6 Nxc6 8.
Nf3 g5 9. Ne4 Qf4 10. Ng3 g4 11. Ne2 Qf6 12. Nfg1 e5 13. c3 exd4 14. Nxd4 Nxd4
15. Qxd4 Qxd4 16. cxd4 Bb4+ 17. Kd1 Be6 18. Bb5+ 1/2-1/2

[Event "Hamburger Einzelturniere 2005"]
[Site "Hamburg"]
[Date "2005.08.21"]
[Round "3.4"]
[White "Pfeiffer, Daniel"]
[Black "Schroeder, Gerhard"]
[Result "1/2-1/2"]
[WhiteElo "1449"]
[BlackElo "2040"]
[PlyCount "53"]
[EventDate "2005.??.??"]

1. e4 c5 2. Nf3 e6 3. d4 cxd4 4. Nxd4 a6 5. Nc3 Qc7 6. Be3 Bb4 7. Qd3 Nf6 8. f3
d5 9. O-O-O Bxc3 10. bxc3 O-O 11. g4 b5 12. h4 dxe4 13. fxe4 Nxe4 14. Qxe4 Bb7
15. Nxe6 Bxe4 16. Nxc7 Bxh1 17. Nxa8 Bxa8 18. c4 Bf3 19. Rd4 Bc6 20. Rd6 Rc8
21. Ba7 Nd7 22. g5 Kf8 23. cxb5 axb5 24. Bh3 Ke7 25. Bxd7 Bxd7 26. Rd3 Rc4 27.
Rd4 1/2-1/2

[Event "Hamburger Einzelturniere 2005"]
[Site "Hamburg"]
[Date "2005.08.21"]
[Round "3.5"]
[White "Schäfer, Jakob"]
[Black "Sternberg, Lew"]
[Result "0-1"]
[WhiteElo "2033"]
[BlackElo "1909"]
[PlyCount "108"]
[EventDate "2005.??.??"]

1. e4 e5 2. Nf3 Nc6 3. Nc3 Bc5 4. Nxe5 Bxf2+ 5. Kxf2 Nxe5 6. d4 Ng6 7. Bc4 d6
8. Rf1 Be6 9. Bxe6 fxe6 10. Kg1 Nf6 11. Bg5 O-O 12. h4 h6 13. h5 Nh8 14. Bh4 g5
15. hxg6 Nxg6 16. Bxf6 Rxf6 17. Qg4 Kh7 18. e5 dxe5 19. Ne4 Rf4 20. Rxf4 exf4
21. Qxe6 Qxd4+ 22. Kh1 Rf8 23. c3 Qe5 24. Qd7+ Ne7 25. Re1 Rf7 26. Kg1 Kg7 27.
Kf2 Nf5 28. Qxf7+ Kxf7 29. Ng5+ Kf6 30. Rxe5 Kxe5 31. Nf7+ Kf6 32. Nd8 Nd6 33.
c4 Ke7 34. c5 Ne4+ 35. Kf3 Nxc5 36. Nxb7 Nxb7 37. Kxf4 Ke6 38. g4 Nc5 39. g5
hxg5+ 40. Kxg5 Nd3 41. b3 Ke5 42. Kg4 Kd4 43. Kf3 Kc3 44. Ke4 c6 45. a4 Nc5+
46. Ke5 Nxb3 47. Kd6 c5 48. a5 Kb4 49. a6 c4 50. Kc7 c3 51. Kb7 c2 52. Kxa7
c1=Q 53. Ka8 Qc7 54. a7 Qc8# 0-1

[Event "Hamburger Einzelturniere 2005"]
[Site "Hamburg"]
[Date "2005.08.21"]
[Round "3.6"]
[White "Fraas, Henning"]
[Black "Weiss, Siegfried"]
[Result "1/2-1/2"]
[WhiteElo "2125"]
[BlackElo "2118"]
[PlyCount "66"]
[EventDate "2005.??.??"]

1. d4 e6 2. Nf3 b6 3. Bf4 Bb7 4. e3 Be7 5. Nbd2 d6 6. a4 Nc6 7. c3 a6 8. Bd3
Nf6 9. h3 h6 10. Qe2 g5 11. Bh2 Rg8 12. e4 g4 13. hxg4 Nxg4 14. Bg3 Qd7 15.
O-O-O Nd8 16. b3 c5 17. dxc5 Qc6 18. cxd6 Qxc3+ 19. Kb1 Bxd6 20. Bxd6 Nxf2 21.
Qxf2 Qxd3+ 22. Kb2 Qxd6 23. Nc4 Qe7 24. Qd2 f5 25. Nd6+ Kf8 26. e5 Qg7 27. Rxh6
Qxg2 28. Rf6+ Ke7 29. Nxf5+ exf5 30. Nd4 Be4 31. Ne2 Qxe2 32. Qxe2 Rg2 33. Qxg2
Bxg2 1/2-1/2

[Event "Hamburger Einzelturniere 2005"]
[Site "Hamburg"]
[Date "2005.08.21"]
[Round "3.7"]
[White "Möhrmann, Marcus"]
[Black "Schulz, Hans-Juergen"]
[Result "1-0"]
[WhiteElo "2126"]
[BlackElo "2034"]
[PlyCount "81"]
[EventDate "2005.??.??"]

1. e4 d5 2. exd5 Nf6 3. d4 Nxd5 4. Nf3 g6 5. Nc3 Nb6 6. Bf4 Bg4 7. h3 Be6 8.
Ng5 Bd5 9. Nxd5 Nxd5 10. Bc4 e6 11. Qf3 Bg7 12. Bxd5 Qxd5 13. Qxd5 exd5 14.
O-O-O O-O 15. Bxc7 Nc6 16. Nf3 Rfe8 17. c3 Rac8 18. Bg3 b5 19. Kb1 b4 20. Rhe1
Red8 21. cxb4 Nxb4 22. Re7 Nc6 23. Rb7 Re8 24. Ne5 Nxd4 25. Nxf7 Nf5 26. Bf4
Re2 27. g4 Rxf2 28. Bc1 Ng3 29. Nd6 Rd8 30. Rxd5 Rf1 31. Nf5 Rxc1+ 32. Kxc1
Rc8+ 33. Kd1 gxf5 34. gxf5 Bh6 35. Ke1 Re8+ 36. Kf2 Ne4+ 37. Kg2 Nf6 38. Ra5
Be3 39. Ra6 Nd5 40. Rd7 Nf6 41. Rxf6 1-0

[Event "Hamburger Einzelturniere 2005"]
[Site "Hamburg"]
[Date "2005.08.21"]
[Round "3.8"]
[White "Biermann, Helge"]
[Black "Winnicki, Alice"]
[Result "0-1"]
[WhiteElo "1762"]
[BlackElo "2092"]
[PlyCount "68"]
[EventDate "2005.??.??"]

1. c4 c5 2. g3 e6 3. Bg2 Nf6 4. Nf3 d5 5. cxd5 exd5 6. d4 c4 7. Nc3 Nc6 8. O-O
Be7 9. Ng5 h6 10. Nh3 Bxh3 11. Bxh3 Qb6 12. Rb1 Rd8 13. Be3 h5 14. f3 h4 15. g4
a6 16. Qd2 Bb4 17. Rbd1 Ne7 18. g5 Nh5 19. Qe1 Bd6 20. Qd2 Qc7 21. f4 b5 22. a3
Qb8 23. Bg4 Bc7 24. Rf3 f5 25. gxf6 gxf6 26. Bxh5+ Rxh5 27. Kh1 Kd7 28. Rg1 Rg8
29. Rff1 Nf5 30. Rf3 Kc6 31. Rxg8 Qxg8 32. Rh3 Qg4 33. Rf3 Ng3+ 34. Rxg3 hxg3
0-1

[Event "Hamburger Einzelturniere 2005"]
[Site "Hamburg"]
[Date "2005.08.21"]
[Round "3.9"]
[White "Holzweißig, Hans-Joachim"]
[Black "Bigalke, Andre"]
[Result "0-1"]
[WhiteElo "1732"]
[BlackElo "2026"]
[PlyCount "36"]
[EventDate "2005.??.??"]

1. Nc3 c5 2. Nf3 Nf6 3. d4 cxd4 4. Nxd4 a6 5. a4 e5 6. Nb3 d5 7. e3 Nc6 8. Nb1
Be6 9. c3 Bd6 10. Be2 O-O 11. O-O Qc7 12. f4 Rad8 13. f5 Bc8 14. N1d2 e4 15. h3
g6 16. g4 Bh2+ 17. Kh1 Qg3 18. Qe1 Qxh3 0-1

[Event "Hamburger Einzelturniere 2005"]
[Site "Hamburg"]
[Date "2005.08.21"]
[Round "3.10"]
[White "Schröder, Kai Uwe"]
[Black "Graffenberger, Wilhelm"]
[Result "0-1"]
[WhiteElo "1716"]
[BlackElo "1754"]
[PlyCount "82"]
[EventDate "2005.??.??"]

1. e4 e5 2. Nf3 Nc6 3. Bb5 a6 4. Bxc6 dxc6 5. Nc3 Bd6 6. d4 Bg4 7. dxe5 Bxf3 8.
Qxf3 Bxe5 9. Bf4 Qe7 10. Bxe5 Qxe5 11. O-O-O Nf6 12. Qg3 Qxg3 13. hxg3 Ke7 14.
f3 h6 15. Ne2 Rhd8 16. Rxd8 Rxd8 17. Rd1 Rxd1+ 18. Kxd1 c5 19. Kd2 Ke6 20. Nf4+
Kd6 21. g4 g6 22. Nd3 Nd7 23. c4 Ne5 24. Nxe5 Kxe5 25. Ke3 f6 26. a4 c6 27. f4+
Kd6 28. Kf3 b5 29. b3 bxc4 30. bxc4 a5 31. g5 hxg5 32. fxg5 fxg5 33. Kg4 Ke5
34. Kxg5 Kxe4 35. Kxg6 Kd4 36. Kf6 Kxc4 37. g4 Kb4 38. g5 c4 39. g6 c3 40. g7
c2 41. g8=Q c1=Q 0-1

[Event "Hamburger Einzelturniere 2005"]
[Site "Hamburg"]
[Date "2005.08.21"]
[Round "3.12"]
[White "Ludwig, Jan"]
[Black "Urban, Ralf-Dieter"]
[Result "0-1"]
[WhiteElo "1566"]
[BlackElo "1993"]
[PlyCount "36"]
[EventDate "2005.??.??"]

1. e4 e5 2. d4 Nc6 3. dxe5 Bc5 4. Nf3 f6 5. Bf4 fxe5 6. Bxe5 Nf6 7. Nc3 Nxe5 8.
Nxe5 d6 9. Bb5+ c6 10. Nxc6 bxc6 11. Bxc6+ Bd7 12. Bxa8 Ng4 13. O-O Qh4 14. h3
Nxf2 15. Rxf2 Bxf2+ 16. Kh1 Bxh3 17. Qxd6 Bg3 18. e5 Bg4+ 0-1

[Event "Hamburger Einzelturniere 2005"]
[Site "Hamburg"]
[Date "2005.08.21"]
[Round "3.13"]
[White "Weithart, Michael"]
[Black "Bock, Oliver"]
[Result "1-0"]
[WhiteElo "1912"]
[BlackElo "1692"]
[PlyCount "63"]
[EventDate "2005.??.??"]

1. e4 c5 2. d4 cxd4 3. c3 d5 4. exd5 Qxd5 5. cxd4 Nc6 6. Nf3 Bg4 7. Nc3 Qa5 8.
Bc4 e6 9. O-O Nf6 10. h3 Bxf3 11. Qxf3 Be7 12. Bf4 O-O 13. d5 Nd4 14. Qd3 exd5
15. Nxd5 Nxd5 16. Qxd4 Nxf4 17. Qxf4 Bf6 18. Rad1 Rad8 19. b3 Rfe8 20. Qf3 Qc7
21. Rd3 Re7 22. Rfd1 Rde8 23. g3 a6 24. a4 h6 25. Qf5 Re1+ 26. Kg2 R8e5 27. Qf3
R1e2 28. Rd7 Qc6 29. Bxe2 Rxe2 30. Rxb7 Qc2 31. Rb8+ Kh7 32. Qd3+ 1-0

[Event "Hamburger Einzelturniere 2005"]
[Site "Hamburg"]
[Date "2005.08.21"]
[Round "3.14"]
[White "Tost, Günther"]
[Black "Becker-Bertau, Friedrich"]
[Result "0-1"]
[WhiteElo "1483"]
[BlackElo "1859"]
[PlyCount "36"]
[EventDate "2005.??.??"]

1. d4 d5 2. e4 dxe4 3. Nc3 Nf6 4. f3 exf3 5. Qxf3 c6 6. h3 e6 7. Be3 Nbd7 8.
Bd3 Nb6 9. Nge2 Nbd5 10. Nxd5 cxd5 11. O-O Be7 12. Rac1 Bd7 13. Qg3 O-O 14. Bh6
Ne8 15. Rf3 Bh4 16. Qf4 gxh6 17. Qxh6 f5 18. Ng3 Bg5 0-1

[Event "Hamburger Einzelturniere 2005"]
[Site "Hamburg"]
[Date "2005.08.21"]
[Round "3.15"]
[White "Kuhle, Sebastian"]
[Black "Olschok, Juergen"]
[Result "1-0"]
[WhiteElo "1813"]
[BlackElo "1660"]
[PlyCount "70"]
[EventDate "2005.??.??"]

1. d4 Nf6 2. c4 c5 3. d5 b5 4. cxb5 a6 5. f3 d6 6. e4 g6 7. Na3 Bg7 8. Ne2 O-O
9. Nc3 Nbd7 10. Be2 Nb6 11. O-O Nfd7 12. Be3 axb5 13. Naxb5 Ba6 14. Qc2 Qb8 15.
a4 Nc8 16. Rab1 Na7 17. b3 Rc8 18. Rf2 Qb6 19. Nxa7 Qxa7 20. Bxa6 Qxa6 21. Nb5
c4 22. Nd4 cxb3 23. Qxb3 Rab8 24. Nb5 Nc5 25. Bxc5 Rxc5 26. Qd1 Qa5 27. Rf1 Rc4
28. Kh1 Rxa4 29. Na3 Ra8 30. Nc2 Qc5 31. h3 Ra2 32. Nb4 Rb2 33. Nc6 Bf6 34.
Rxb2 Bxb2 35. Qb1 Ba3 {und im 82. ZÜ} 1-0

[Event "Hamburger Einzelturniere 2005"]
[Site "Hamburg"]
[Date "2005.08.21"]
[Round "3.18"]
[White "Klewin, Oliver"]
[Black "Jachinski, Ronald"]
[Result "1-0"]
[WhiteElo "1768"]
[BlackElo "1456"]
[PlyCount "59"]
[EventDate "2005.??.??"]

1. e4 d6 2. d4 e6 3. Nc3 g6 4. Be3 Bg7 5. Nf3 Ne7 6. Be2 b6 7. Qd2 Bb7 8. O-O-O
Nd7 9. Bh6 Bf8 10. Bxf8 Kxf8 11. Qh6+ Kg8 12. g4 Qf8 13. Qf4 a6 14. h4 f6 15.
Bc4 d5 16. exd5 Nxd5 17. Nxd5 exd5 18. Bd3 Qd6 19. Qh6 Qf8 20. Qf4 Qd6 21. Qd2
Kf7 22. h5 g5 23. Bf5 c5 24. Rde1 Nf8 25. Re3 Bc8 26. Rhe1 Bxf5 27. Re7+ Kg8
28. gxf5 c4 29. Nxg5 h6 30. Nf7 1-0

[Event "Hamburger Einzelturniere 2005"]
[Site "Hamburg"]
[Date "2005.08.21"]
[Round "3.19"]
[White "Schütt, Wilhelm"]
[Black "Diehl, Walter"]
[Result "1/2-1/2"]
[WhiteElo "2102"]
[BlackElo "1752"]
[PlyCount "103"]
[EventDate "2005.??.??"]

1. e4 c5 2. Nf3 d6 3. d4 cxd4 4. Nxd4 g6 5. c4 Bg7 6. Be3 Nf6 7. f3 Nbd7 8. Qd2
O-O 9. Nc3 a6 10. Be2 Re8 11. O-O Ne5 12. Rfd1 Bd7 13. h3 Rc8 14. b3 Qa5 15.
Rac1 Bc6 16. f4 Ned7 17. Bf3 Nc5 18. Nxc6 bxc6 19. Rb1 Rb8 20. e5 dxe5 21. fxe5
Red8 22. Qc2 Nfd7 23. Bxc6 Nxe5 24. Rxd8+ Qxd8 25. Rd1 Qa5 26. Rd5 Nxc6 27.
Rxc5 Qxc3 28. Qxc3 Bxc3 29. Rxc6 a5 30. Kf2 Kf8 31. Kf3 Ke8 32. Bb6 Kd7 33.
Rc7+ Kd6 34. c5+ Ke6 35. Ke4 Ra8 36. Ra7 Rxa7 37. Bxa7 Kd7 38. Kd5 e6+ 39. Kc4
Bd2 40. Kb5 e5 41. c6+ Kc8 42. Bb6 e4 43. Kc4 f5 44. Kd4 h5 45. g4 hxg4 46.
hxg4 e3 47. Kd3 fxg4 48. Bxe3 Bxe3 49. Kxe3 Kc7 50. Kf4 Kxc6 51. Kxg4 a4 52.
Kg5 1/2-1/2

[Event "Hamburger Einzelturniere 2005"]
[Site "Hamburg"]
[Date "2005.08.21"]
[Round "3.20"]
[White "Opasiak, Dustin Tennessee"]
[Black "Ristic, Sreten"]
[Result "1-0"]
[WhiteElo "1541"]
[BlackElo "1942"]
[PlyCount "67"]
[EventDate "2005.??.??"]

1. e4 d5 2. exd5 Qxd5 3. Nc3 Qa5 4. Nf3 c6 5. d4 Bg4 6. Be2 e6 7. O-O Nf6 8.
Bf4 Nbd7 9. a3 Be7 10. b4 Qd8 11. h3 Bxf3 12. Bxf3 Nd5 13. Bxd5 cxd5 14. Nb5
O-O 15. Qd3 a6 16. Nc3 Nb6 17. Nd1 Nc4 18. Ne3 b5 19. Nxc4 bxc4 20. Qg3 f6 21.
h4 Qb6 22. c3 Ra7 23. a4 Rd7 24. Rfe1 Re8 25. Re2 Bd6 26. Bxd6 Qxd6 27. Qxd6
Rxd6 28. f4 h5 29. Kf2 Kf7 30. Kf3 Kg6 31. Rg1 Kf5 32. g4+ hxg4+ 33. Rxg4 g6
34. Re5+ 1-0

[Event "Hamburger Einzelturniere 2005"]
[Site "Hamburg"]
[Date "2005.08.21"]
[Round "3.22"]
[White "Diz Suarez, Carlos"]
[Black "Müller, Hartmut Dieter"]
[Result "1-0"]
[WhiteElo "1659"]
[BlackElo "1481"]
[PlyCount "109"]
[EventDate "2005.??.??"]

1. e4 e5 2. Nf3 Nc6 3. Bc4 Na5 4. Bxf7+ Kxf7 5. Nxe5+ Ke7 6. Qf3 Qe8 7. Qa3+ d6
8. Qxa5 Kd8 9. Nc4 Qxe4+ 10. Ne3 b6 11. Nc3 Qe6 12. Qd5 Qxd5 13. Nexd5 Bb7 14.
O-O Nf6 15. Nf4 Kd7 16. Re1 Re8 17. Rxe8 Nxe8 18. b3 Nf6 19. Bb2 d5 20. Re1 Be7
21. Nb5 a6 22. Nd4 Re8 23. Nf5 Bf8 24. Rxe8 Kxe8 25. Ne6 Kf7 26. Nxc7 g6 27.
Nd4 Bc8 28. Na8 Nd7 29. Nf3 Bd6 30. Bd4 b5 31. Nb6 Nxb6 32. Bxb6 Kf6 33. Bd4+
Kf5 34. h3 h5 35. Nh4+ Kg5 36. Nf3+ Kf5 37. d3 g5 38. Be3 Bf4 39. Nd4+ Kg6 40.
Bxf4 gxf4 41. Kf1 Kf6 42. Ke2 Bb7 43. c3 Ke5 44. b4 h4 45. Nf3+ Kd6 46. Nxh4
Ke5 47. d4+ Kf6 48. Nf3 Bc8 49. Ne5 Bf5 50. Nd3 Kg5 51. Nc5 Bc8 52. Kf3 Bf5 53.
h4+ Kxh4 54. Kxf4 Bc8 55. Ke5 1-0

[Event "Hamburger Einzelturniere 2005"]
[Site "Hamburg"]
[Date "2005.08.21"]
[Round "3.24"]
[White "Kock, Rudolph"]
[Black "Kolster, Jascha"]
[Result "1-0"]
[WhiteElo "1545"]
[BlackElo "1146"]
[PlyCount "47"]
[EventDate "2005.??.??"]

1. f4 e6 2. Nf3 Nf6 3. b3 b6 4. Bb2 g6 5. g4 Bg7 6. g5 Nh5 7. Bxg7 Nxg7 8. e4
Bb7 9. d3 Qe7 10. Qd2 f5 11. Nc3 Nc6 12. Bg2 O-O-O 13. e5 d6 14. exd6 Rxd6 15.
Ne5 h6 16. Nxg6 Qe8 17. Nxh8 Qxh8 18. Nb5 Ne8 19. Nxd6+ Nxd6 20. c3 hxg5 21.
fxg5 Ne5 22. Bxb7+ Kxb7 23. Qg2+ Kc8 24. Qa8+ 1-0